[Event "FRA-chT1A 1112"]
[Site "France"]
[Date "2012.01.15"]
[Round "7.3"]
[White "Bedouin, Xavier"]
[Black "Ozenne, Corentin"]
[Result "1/2-1/2"]
[WhiteElo "2404"]
[BlackElo "2135"]
[PlyCount "73"]
[EventDate "2011.10.16"]
[EventType "team-tourn"]
[EventRounds "11"]
[EventCountry "FRA"]
[SourceTitle "EXT 2013"]
[Source "ChessBase"]
[SourceDate "2012.11.22"]
[SourceVersion "1"]
[SourceVersionDate "2012.11.22"]
[SourceQuality "1"]
[WhiteTeam "Migne Auxences"]
[BlackTeam "Agneaux Saint Lo"]
[WhiteTeamCountry "FRA"]
[BlackTeamCountry "FRA"]

1. e4 c5 2. c3 d5 3. exd5 Qxd5 4. d4 Nf6 5. Nf3 Bg4 6. Be2 e6 7. h3 Bh5 8. 0-0 Be7 9. Be3 cxd4 10. c4 Qa5 11. Nxd4 Bxe2 12. Qxe2 0-0 13. Nc3 Nbd7 14. a3 a6 15. Rfc1 Qc7 16. c5 b6 17. cxb6 Qxb6 18. Nf5 Qd8 19. Nxe7+ Qxe7 20. b4 Rfc8 21. Na4 Rxc1+ 22. Rxc1 Nd5 23. Bd2 Qd6 24. Qc4 N5b6 25. Nxb6 Nxb6 26. Qc6 Qxc6 27. Rxc6 Nd5 28. Rc5 Rb8 29. Ra5 Rb6 30. b5 Rxb5 31. Rxa6 Rb1+ 32. Kh2 Kf8 33. Ra8+ Ke7 34. Ba5 Rb7 35. f3 f6 36. Be1 Kd6 37. Bf2 1/2-1/2

[Event "FRA-ch op-A"]
[Site "Caen"]
[Date "2011.08.18"]
[Round "3"]
[White "Malka, Samuel"]
[Black "Ozenne, Corentin"]
[Result "1-0"]
[WhiteElo "2071"]
[BlackElo "2105"]
[PlyCount "49"]
[EventDate "2011.08.16"]
[EventType "swiss"]
[EventRounds "11"]
[EventCountry "FRA"]
[SourceTitle "CBM 144 Extra"]
[Source "ChessBase"]
[SourceDate "2011.10.28"]
[SourceVersion "1"]
[SourceVersionDate "2011.10.28"]
[SourceQuality "1"]

1. d4 Nf6 2. c4 g6 3. Nc3 Bg7 4. e4 d6 5. Nf3 0-0 6. Be2 e5 7. Be3 Nbd7 8. 0-0 Re8 9. d5 Nh5 10. g3 Bf8 11. Ng5 Be7 12. f4 exf4 13. Nxf7 Kxf7 14. Bxh5 Kg8 15. Bd4 gxh5 16. Qxh5 Ne5 17. Rxf4 Bf8 18. Raf1 Bg7 19. Rf7 Qe7 20. Bxe5 dxe5 21. Rxe7 Rxe7 22. Qg5 Re8 23. Nb5 Bh3 24. Nxc7 Rf8 25. Rf2 1-0

[Event "FRA-ch Accession"]
[Site "Nimes"]
[Date "2009.08.20"]
[Round "9"]
[White "Ozenne, Corentin"]
[Black "Maatoug, Redwan"]
[Result "0-1"]
[WhiteElo "1996"]
[BlackElo "2245"]
[PlyCount "152"]
[EventDate "2009.08.11"]
[EventType "swiss"]
[EventRounds "9"]
[EventCountry "FRA"]
[SourceTitle "CBM 132 Extra"]
[Source "ChessBase"]
[SourceDate "2009.11.03"]
[SourceVersion "1"]
[SourceVersionDate "2009.11.03"]
[SourceQuality "1"]

1. d4 Nf6 2. c4 g6 3. Nc3 Bg7 4. e4 0-0 5. Be2 d6 6. Nf3 e5 7. 0-0 Nbd7 8. Re1 c6 9. Bf1 Qc7 10. h3 Re8 11. d5 a5 12. Be3 Bf8 13. a3 Nc5 14. Nd2 Nh5 15. g3 Ng7 16. g4 f5 17. f3 Nd7 18. b4 Nf6 19. Qb3 Bd7 20. g5 Nfh5 21. c5 f4 22. Bf2 a4 23. Qa2 Kh8 24. cxd6 Bxd6 25. Nc4 Ng3 26. Bg2 b5 27. Nb6 Rab8 28. dxc6 Bxc6 29. Nbd5 Bxd5 30. Nxd5 Qd8 31. Nf6 Rf8 32. h4 Qe7 33. Bh3 Rfd8 34. Red1 N3h5 35. Ng4 Ne6 36. Nh6 Nhg7 37. Rac1 Nxg5 38. Bg4 N5e6 39. Rc6 Rb7 40. Bxe6 Nxe6 41. Qa1 Bc7 42. Rxd8+ Nxd8 43. Ra6 Kg7 44. Ng4 Bd6 45. Qd1 Nf7 46. Qd5 h5 47. Nh2 Bb8 48. Nf1 Ba7 49. Bxa7 Rxa7 50. Qxb5 Rxa6 51. Qxa6 Qxh4 52. Qxa4 Ng5 53. Qd7+ Kh6 54. Qd3 Qe1 55. b5 h4 56. b6 Nh3+ 57. Kg2 Nf2 58. Qb5 Nd1 59. b7 Qf2+ 60. Kh3 Qg1 61. Qe2 Nf2+ 62. Qxf2 Qxf2 63. b8Q Qxf1+ 64. Kh2 Qf2+ 65. Kh1 Qxf3+ 66. Kg1 Qg3+ 67. Kf1 Qd3+ 68. Kf2 Qd4+ 69. Kf1 Kg5 70. Qe8 Qd6 71. Kg2 Qd2+ 72. Kf1 Qd3+ 73. Kf2 Qxe4 74. a4 f3 75. Qe7+ Kg4 76. Qe6+ Kh5 0-1

[Event "FRA-ch Accession"]
[Site "Nimes"]
[Date "2009.08.14"]
[Round "4"]
[White "Ozenne, Corentin"]
[Black "Villegas, Pierre"]
[Result "0-1"]
[WhiteElo "1996"]
[BlackElo "2202"]
[PlyCount "58"]
[EventDate "2009.08.11"]
[EventType "swiss"]
[EventRounds "9"]
[EventCountry "FRA"]
[SourceTitle "CBM 132 Extra"]
[Source "ChessBase"]
[SourceDate "2009.11.03"]
[SourceVersion "1"]
[SourceVersionDate "2009.11.03"]
[SourceQuality "1"]

1. d4 d6 2. c4 e5 3. Nf3 e4 4. Ng5 f5 5. g3 Be7 6. Nh3 Nf6 7. Bg2 0-0 8. 0-0 c5 9. d5 Nbd7 10. Nc3 Ne5 11. b3 Bd7 12. f3 exf3 13. exf3 Ne8 14. Nf4 Nc7 15. Re1 Bf6 16. Bb2 g5 17. Ne6 Bxe6 18. dxe6 Nxe6 19. f4 gxf4 20. Bd5 Re8 21. gxf4 Ng4 22. Bxe6+ Rxe6 23. Qd5 Bd4+ 24. Kh1 Nf2+ 25. Kg2 Qh4 26. Qxe6+ Kh8 27. Qxf5 Rg8+ 28. Kf3 Qxh2 29. Ne4 Qg2+ 0-1

[Event "FRA-ch U14"]
[Site "Le Grand Bornand"]
[Date "2007.04.??"]
[Round "1"]
[White "Godart, Francois"]
[Black "Ozenne, Corentin"]
[Result "1-0"]
[WhiteElo "1984"]
[BlackElo "1774"]
[PlyCount "39"]
[EventDate "2007.04.07"]
[EventType "swiss"]
[EventRounds "9"]
[EventCountry "FRA"]
[SourceTitle "CBM 118 Extra"]
[Source "ChessBase"]
[SourceDate "2007.07.04"]
[SourceVersion "1"]
[SourceVersionDate "2007.07.04"]
[SourceQuality "1"]

1. d4 Nf6 2. Bg5 Ne4 3. Bh4 d5 4. Nd2 c6 5. f3 Nxd2 6. Qxd2 Bf5 7. e3 Qb6 8. 0-0-0 e6 9. Ne2 Nd7 10. g4 Bg6 11. Nf4 Bd6 12. Bg3 Bxf4 13. Bxf4 0-0-0 14. Be2 Rde8 15. Bg3 f6 16. Bd3 Bxd3 17. Qxd3 Qa5 18. a3 g6 19. Rhe1 f5 20. Rf1 1-0

[Event "FRA-ch U12"]
[Site "Aix les Bains"]
[Date "2006.??.??"]
[Round "5"]
[White "Boukhris, Yacine"]
[Black "Ozenne, Corentin"]
[Result "1/2-1/2"]
[WhiteElo "1500"]
[BlackElo "1820"]
[PlyCount "67"]
[EventDate "2006.04.16"]
[EventType "swiss"]
[EventRounds "9"]
[EventCountry "FRA"]
[SourceTitle "EXT 2007"]
[Source "ChessBase"]
[SourceDate "2006.11.23"]
[SourceVersion "1"]
[SourceVersionDate "2006.11.23"]
[SourceQuality "1"]

1. e4 c5 2. Nc3 Nc6 3. g3 d6 4. Bg2 g6 5. d3 Bg7 6. f4 Nf6 7. Nf3 0-0 8. 0-0 e6 9. h3 d5 10. e5 Ne8 11. Kh1 a6 12. g4 b5 13. Ne2 Ne7 14. Ng3 Ra7 15. Be3 Rc7 16. b4 d4 17. Bg1 Bb7 18. bxc5 Bxf3 19. Rxf3 Rxc5 20. Ne2 Rd5 21. Rf1 Rd7 22. Qe1 f6 23. exf6 Bxf6 24. Ng3 Nc7 25. Ne4 Ned5 26. f5 exf5 27. gxf5 g5 28. Qg3 Rff7 29. Rae1 Rg7 30. Re2 Nf4 31. Ref2 Be5 32. Qf3 Ncd5 33. Nc5 Ne3 34. Ne6 1/2-1/2